[Event "Sabadell Coral Colon op 5th"]
[Site "Sabadell"]
[Date "2011.02.18"]
[Round "3"]
[White "Ferrer Got, Juan"]
[Black "Rodriguez Rodriguez, Tomas"]
[Result "1/2-1/2"]
[WhiteElo "1847"]
[BlackElo "1808"]
[PlyCount "93"]
[EventDate "2011.02.04"]
[EventType "swiss"]
[EventRounds "9"]
[EventCountry "ESP"]
[SourceTitle "EXT 2013"]
[Source "ChessBase"]
[SourceDate "2012.11.22"]
[SourceVersion "1"]
[SourceVersionDate "2012.11.22"]
[SourceQuality "1"]

1. e4 e5 2. Nf3 Nc6 3. Nc3 Nf6 4. d4 exd4 5. Nd5 Be7 6. Bd3 h6 7. 0-0 0-0 8. Bf4 d6 9. Qd2 Ne5 10. Nxd4 Nxd3 11. Nxe7+ Qxe7 12. cxd3 Re8 13. Rac1 c6 14. Bg3 Nh5 15. f4 Nxg3 16. hxg3 Qf6 17. Nf3 Bg4 18. Qb4 c5 19. Qc3 Qxc3 20. Rxc3 b6 21. Kf2 Rad8 22. Ra3 Re7 23. Nd2 d5 24. e5 f6 25. Nf3 Bxf3 26. gxf3 fxe5 27. fxe5 Rxe5 28. Rxa7 Rde8 29. Kg2 Re3 30. b4 Rxd3 31. bxc5 bxc5 32. Rb1 Re2+ 33. Kh3 Re6 34. Rbb7 Rg6 35. Kg2 Rd2+ 36. Kh3 c4 37. a4 d4 38. a5 Ra2 39. Rd7 d3 40. Rac7 Ra4 41. a6 Raxa6 42. Rxc4 Ra3 43. Rcd4 d2 44. Kg2 Rf6 45. Rg4 Rf7 46. Rd8+ Kh7 47. Rxd2 1/2-1/2

[Event "Sabadell Coral Colon op 5th"]
[Site "Sabadell"]
[Date "2011.02.11"]
[Round "2"]
[White "Rodriguez Rodriguez, Tomas"]
[Black "Reginaldo Huix, Pere"]
[Result "1/2-1/2"]
[WhiteElo "1808"]
[BlackElo "2044"]
[PlyCount "127"]
[EventDate "2011.02.04"]
[EventType "swiss"]
[EventRounds "9"]
[EventCountry "ESP"]
[SourceTitle "EXT 2013"]
[Source "ChessBase"]
[SourceDate "2012.11.22"]
[SourceVersion "1"]
[SourceVersionDate "2012.11.22"]
[SourceQuality "1"]

1. e4 e5 2. Nf3 Nc6 3. Bb5 d6 4. h3 Bd7 5. 0-0 Be7 6. c3 Nf6 7. Re1 0-0 8. d4 a6 9. Ba4 b5 10. Bc2 h6 11. Nbd2 Nh7 12. Nf1 Bg5 13. Ng3 Bxc1 14. Rxc1 g6 15. Qd2 Kg7 16. Rcd1 Qe7 17. dxe5 Nxe5 18. Nxe5 Qxe5 19. f4 Qc5+ 20. Kh1 Rad8 21. b4 Qb6 22. f5 Bc6 23. Qf4 Nf6 24. e5 dxe5 25. Qxe5 Rxd1 26. Rxd1 Qf2 27. Qe2 Bxg2+ 28. Kh2 Qxe2 29. Nxe2 Bf3 30. Rd2 Bxe2 31. Rxe2 Re8 32. Rg2 Ne4 33. fxg6 fxg6 34. Re2 Nd6 35. Rg2 g5 36. h4 Nf7 37. Bb3 Re4 38. hxg5 Nxg5 39. Bd5 Re3 40. Bb7 Rxc3 41. Bxa6 c6 42. Bc8 Rc4 43. Bd7 Kf6 44. Re2 Nf3+ 45. Kg3 Nd4 46. Rb2 Ke7 47. Bh3 Nc2 48. Bf1 Rc3+ 49. Kf4 Kf6 50. Be2 Nd4 51. Bg4 Rc2 52. Rb1 Rxa2 53. Ke3 Ke5 54. Bd7 Ra3+ 55. Kd2 Kd6 56. Be8 Rb3 57. Rxb3 Nxb3+ 58. Kc3 Nc5 59. bxc5+ Kxc5 60. Bf7 Kb6 61. Bh5 c5 62. Be2 Ka5 63. Kb3 c4+ 64. Bxc4 1/2-1/2

[Event "Sabadell op 2nd"]
[Site "Sabadell"]
[Date "2009.09.01"]
[Round "1"]
[White "Gonzalez Garcia, Jose"]
[Black "Rodriguez Rodriguez, Tomas"]
[Result "1-0"]
[WhiteElo "2509"]
[BlackElo "1878"]
[PlyCount "52"]
[EventDate "2009.09.01"]
[EventType "swiss"]
[EventRounds "9"]
[EventCountry "ESP"]
[SourceTitle "CBM 132 Extra"]
[Source "ChessBase"]
[SourceDate "2009.11.03"]
[SourceVersion "1"]
[SourceVersionDate "2009.11.03"]
[SourceQuality "1"]

1. d4 d5 2. c4 e6 3. Nf3 Nf6 4. Nc3 Be7 5. Bg5 Nbd7 6. e3 h6 7. Bh4 0-0 8. Rc1 c6 9. Bd3 dxc4 10. Bxc4 Nd5 11. Bg3 N7f6 12. 0-0 Nxc3 13. bxc3 b5 14. Bd3 Qa5 15. Ne5 Bb7 16. c4 Rac8 17. Qb3 Ba6 18. cxb5 Bxb5 19. Bxb5 cxb5 20. Nc6 Qa3 21. Qxb5 Nd5 22. e4 Nb6 23. Be5 Bd8 24. Rc2 Nd7 25. Bf4 Nf6 26. Qb7 Qd3 1-0

[Event "Castellar op 16th"]
[Site "Castellar"]
[Date "2007.07.24"]
[Round "9"]
[White "Rodriguez Rodriguez, Tomas"]
[Black "Munoz Pantoja, Miguel Angel"]
[Result "0-1"]
[WhiteElo "1976"]
[BlackElo "2452"]
[PlyCount "44"]
[EventDate "2007.07.13"]
[EventType "swiss"]
[EventRounds "9"]
[EventCountry "ESP"]
[SourceTitle "CBM 119 Extra"]
[Source "ChessBase"]
[SourceDate "2007.09.04"]
[SourceVersion "1"]
[SourceVersionDate "2007.09.04"]
[SourceQuality "1"]

1. e4 d5 2. exd5 Qxd5 3. d4 Nc6 4. Be3 e5 5. Ne2 Bg4 6. Nbc3 Qa5 7. d5 0-0-0 8. f3 Be6 9. Bd2 Bxd5 10. Nxd5 Qxd5 11. Nc3 Qc5 12. Bd3 Nb4 13. Bf5+ Kb8 14. Qe2 Ne7 15. Be3 Qa5 16. Rd1 c6 17. a3 Nxf5 18. axb4 Bxb4 19. Rxd8+ Qxd8 20. Bd2 Qd4 21. g4 Nd6 22. b3 Bxc3 0-1